[Event "Fagernes op"]
[Site "Fagernes"]
[Date "2020.10.11"]
[Round "9"]
[White "Evensen, Per Erik"]
[Black "Eiding, Amanda Mai Irgens"]
[Result "1/2-1/2"]
[WhiteElo "1418"]
[BlackElo "1677"]
[PlyCount "65"]
[EventDate "2020.10.04"]
[EventType "swiss"]
[EventRounds "9"]
[EventCountry "NOR"]
[SourceTitle "EXT 2024"]
[Source "ChessBase"]
[SourceDate "2023.10.10"]
[SourceVersion "1"]
[SourceVersionDate "2023.10.10"]
[SourceQuality "1"]

1. d4 d5 2. c4 c6 3. Nc3 Nf6 4. Nf3 e6 5. Bf4 Nbd7 6. a3 dxc4 7. e3 Be7 8. Bxc4 b5 9. Bd3 a6 10. 0-0 Bb7 11. Rc1 0-0 12. Ne4 Nd5 13. Bg5 N5f6 14. Bxf6 Nxf6 15. Nc5 Qc7 16. Bb1 Rac8 17. h3 Rfd8 18. Ne5 Bd6 19. Ng4 Bxc5 20. Nxf6+ gxf6 21. Rxc5 Rd5 22. Qc2 f5 23. Rc1 Qe7 24. Qe2 Rcd8 25. Ba2 Rxc5 26. Rxc5 Rd6 27. Qf3 Kh8 28. Qf4 f6 29. Qg3 Rd8 30. f4 Rb8 31. Qf2 Re8 32. Qg3 Rg8 33. Qf2 1/2-1/2

[Event "Fagernes op"]
[Site "Fagernes"]
[Date "2020.10.06"]
[Round "4"]
[White "Smedsrud, Morten S"]
[Black "Eiding, Amanda Mai Irgens"]
[Result "1-0"]
[WhiteElo "1487"]
[BlackElo "1677"]
[PlyCount "75"]
[EventDate "2020.10.04"]
[EventType "swiss"]
[EventRounds "9"]
[EventCountry "NOR"]
[SourceTitle "EXT 2024"]
[Source "ChessBase"]
[SourceDate "2023.10.10"]
[SourceVersion "1"]
[SourceVersionDate "2023.10.10"]
[SourceQuality "1"]

1. e4 c5 2. Nf3 g6 3. d4 cxd4 4. Nxd4 Bg7 5. Nc3 Nc6 6. Be3 Nf6 7. f3 0-0 8. Bc4 Qb6 9. Qd2 Nxe4 10. Nxe4 Bxd4 11. Bxd4 Qxd4 12. Qxd4 Nxd4 13. 0-0-0 Nf5 14. Rhe1 Kg7 15. Rd3 e6 16. Nd6 Nxd6 17. Rxd6 Kf6 18. f4 a6 19. Rb6 d5 20. Bxd5 Rb8 21. g3 Rd8 22. Rd1 Ke7 23. Bf3 Rxd1+ 24. Kxd1 Kd8 25. a4 Kc7 26. a5 Bd7 27. Kd2 Bb5 28. Kc3 Bf1 29. Kd4 Bb5 30. Ke5 Bc6 31. Bxc6 bxc6 32. Rxb8 Kxb8 33. Kf6 Kc7 34. Kxf7 c5 35. Kxe6 Kc6 36. c4 h6 37. g4 g5 38. f5 1-0

[Event "Fagernes op"]
[Site "Fagernes"]
[Date "2020.10.05"]
[Round "2"]
[White "Modell, Brage"]
[Black "Eiding, Amanda Mai Irgens"]
[Result "1-0"]
[WhiteElo "1844"]
[BlackElo "1677"]
[PlyCount "61"]
[EventDate "2020.10.04"]
[EventType "swiss"]
[EventRounds "9"]
[EventCountry "NOR"]
[SourceTitle "EXT 2024"]
[Source "ChessBase"]
[SourceDate "2023.10.10"]
[SourceVersion "1"]
[SourceVersionDate "2023.10.10"]
[SourceQuality "1"]

1. c4 e5 2. Nc3 Nc6 3. Nf3 Bc5 4. e3 d6 5. a3 a6 6. d4 Ba7 7. Be2 Nf6 8. 0-0 0-0 9. b3 Bg4 10. dxe5 dxe5 11. Bb2 Re8 12. Qc2 e4 13. Rfd1 Qe7 14. Nd2 Bf5 15. Nd5 Nxd5 16. cxd5 Nb8 17. Nc4 Bc5 18. Be5 Rd8 19. b4 Bd6 20. Bxd6 cxd6 21. Nb6 Ra7 22. Rac1 a5 23. b5 Qf8 24. Qc7 Bd7 25. a4 Bf5 26. Rd4 Qe8 27. g4 Bd7 28. Rxe4 Qf8 29. Nc4 Rc8 30. Qb6 Ra8 31. Qxb7 1-0

[Event "Nordic-ch"]
[Site "Sarpsborg"]
[Date "2019.06.24"]
[Round "6"]
[White "Hamre, Kenneth"]
[Black "Eiding, Amanda Mai Irgens"]
[Result "1-0"]
[WhiteElo "2033"]
[BlackElo "1655"]
[PlyCount "113"]
[EventDate "2019.06.21"]
[EventType "swiss"]
[EventRounds "9"]
[EventCountry "NOR"]
[SourceTitle "CBM 191 Extra"]
[Source "ChessBase"]
[SourceDate "2019.09.30"]
[SourceVersion "1"]
[SourceVersionDate "2019.09.30"]
[SourceQuality "1"]

1. Nf3 d5 2. b3 Nf6 3. Bb2 e6 4. e3 c5 5. Bb5+ Bd7 6. Be2 Nc6 7. 0-0 Bd6 8. d4 0-0 9. Ne5 cxd4 10. exd4 Qc7 11. f4 Ne4 12. Nd2 Nxd2 13. Qxd2 f6 14. Nxd7 Qxd7 15. Bf3 f5 16. c4 Bb4 17. Qe3 Ba5 18. Rfd1 Rfd8 19. Rac1 Rac8 20. g3 Bb6 21. c5 Bc7 22. a3 Na5 23. Be2 a6 24. b4 Nc6 25. Bc3 Na7 26. Be1 Re8 27. Qb3 Bd8 28. a4 b5 29. Ra1 Rb8 30. axb5 axb5 31. Ra6 Nc6 32. Bf2 Kf8 33. Rda1 Bc7 34. Bd3 Rec8 35. Qb2 Bd8 36. R1a2 g6 37. Qc3 Kf7 38. Kg2 Kf8 39. Be2 Kf7 40. Be3 Kf8 41. h3 Kf7 42. Ra1 Bc7 43. Qb2 Rg8 44. Qd2 Ke7 45. Bd3 Kf7 46. Rb1 Ke7 47. Qe2 Nd8 48. Rba1 Ke8 49. Bd2 Rg7 50. c6 Nxc6 51. Bxb5 Rxb5 52. Qxb5 Nxd4 53. Ra8+ Ke7 54. Qc5+ Kf6 55. Qxd4+ e5 56. fxe5+ Bxe5 57. R1a6+ 1-0

[Event "NOR-ch (Women)"]
[Site "Baerum"]
[Date "2019.03.16"]
[Round "3"]
[White "Bjerke, Vilde"]
[Black "Eiding, Amanda Mai Irgens"]
[Result "0-1"]
[WhiteElo "1251"]
[BlackElo "1503"]
[PlyCount "128"]
[EventDate "2019.03.15"]
[EventType "swiss"]
[EventRounds "5"]
[EventCountry "NOR"]
[SourceTitle "CBM 189 Extra"]
[Source "ChessBase"]
[SourceDate "2019.06.03"]
[SourceVersion "1"]
[SourceVersionDate "2019.06.03"]
[SourceQuality "1"]

1. e4 c5 2. d4 cxd4 3. c3 dxc3 4. Nxc3 Nc6 5. Nf3 Nf6 6. e5 Ng4 7. h3 Ngxe5 8. Nxe5 Nxe5 9. Bf4 Ng6 10. Bh2 e5 11. Bc4 Bb4 12. 0-0 Qc7 13. Qd5 0-0 14. Nb5 Qc6 15. a3 Qxd5 16. Bxd5 Ba5 17. b4 Bb6 18. Nd6 Rb8 19. Rfe1 Bd4 20. Rab1 b5 21. Kf1 Rb6 22. Nf5 Bb7 23. Bb3 Bc3 24. Re3 Bd2 25. Rd3 Be4 26. Rxd2 Bxb1 27. Ne3 Be4 28. Rxd7 Bc6 29. Rxa7 Ra8 30. Rxf7 Kh8 31. Nc2 Rb7 32. Rf5 Re7 33. Bg3 Be4 34. Rh5 Rc8 35. Ne3 Rc3 36. Bd5 Bd3+ 37. Kg1 Rxa3 38. Nf5 Bxf5 39. Rxf5 Ra4 40. h4 Re8 41. Bc6 Rf8 42. Rxf8+ Nxf8 43. Bxe5 Rxb4 44. Bd6 Rb1+ 45. Kh2 Ne6 46. Kg3 Kg8 47. Bd5 Kf7 48. Kf3 Rd1 49. Bxe6+ Kxe6 50. Bb4 Rd4 51. Bf8 Kf7 52. Bc5 Rxh4 53. g3 Rc4 54. Be3 b4 55. Ke2 b3 56. Kd3 b2 57. Kxc4 b1Q 58. Kd4 Ke6 59. Kc3 Kf5 60. Kd2 g5 61. Ke2 h5 62. Kd2 h4 63. Bxg5 Kxg5 64. gxh4+ Kxh4 0-1

[Event "Oslo op"]
[Site "Oslo"]
[Date "2018.10.07"]
[Round "10"]
[White "Baumann, Tobias Opdalshei"]
[Black "Eiding, Amanda Mai Irgens"]
[Result "1/2-1/2"]
[WhiteElo "1496"]
[BlackElo "1409"]
[PlyCount "119"]
[EventDate "2018.09.30"]
[EventType "swiss"]
[EventRounds "10"]
[EventCountry "NOR"]
[SourceTitle "EXT 2020"]
[Source "ChessBase"]
[SourceDate "2019.10.17"]
[SourceVersion "1"]
[SourceVersionDate "2019.10.17"]
[SourceQuality "1"]

1. e4 c5 2. Nf3 g6 3. d4 cxd4 4. Nxd4 Bg7 5. Nc3 Nc6 6. Be3 Nf6 7. f3 0-0 8. Bc4 d5 9. Nxd5 Nxd5 10. exd5 Na5 11. Qd3 a6 12. Rb1 b5 13. Bb3 Bb7 14. 0-0 Nxb3 15. Nxb3 Qxd5 16. Qxd5 Bxd5 17. Rfd1 e6 18. c3 Rfd8 19. Rd2 Bf8 20. Bg5 Rdc8 21. Bf6 Rab8 22. Rbd1 Bg7 23. Bxg7 Kxg7 24. Nc1 b4 25. cxb4 Rxb4 26. Nd3 Rbc4 27. b3 Rc2 28. Nf4 h6 29. Nxd5 exd5 30. a4 R2c3 31. Rb2 Rd8 32. b4 d4 33. Kf2 d3 34. Ke3 Ra3 35. b5 Rxa4 36. b6 Rb8 37. Rxd3 Rc4 38. Rd4 Rc6 39. b7 Rc7 40. Rdb4 a5 41. Rb6 a4 42. g4 a3 43. Ra2 Rbxb7 44. Rxb7 Rxb7 45. Rxa3 Rb2 46. h4 Rh2 47. h5 gxh5 48. gxh5 Rxh5 49. Kf4 Kg6 50. Kg3 Rg5+ 51. Kf4 h5 52. Ra1 Rf5+ 53. Kg3 Kg5 54. Ra4 Rf6 55. Rb4 Re6 56. Ra4 f5 57. f4+ Kg6 58. Kh4 Re4 59. Ra6+ Kf7 60. Kxh5 1/2-1/2